O patinho feio (Registo nº 4627)

Detalhes MARC
000 -Etiqueta do registo
Cabeçalho 00658nam0a2200217 4500
005 - Identificador da versão
Campo de controlo 20240813122107.0
100 ## - Dados gerais de processamento
Dados gerais de processamento 20161027d2007 a e0pory5003 ba
102 ## - Pais de publicação ou produção
País de publicação Portugal
101 1# - Língua de publicação
Língua do texto, banda sonora, etc. Português
Língua do documento no original Italiano
215 ## - Descrição física 
Indicação específica da natureza do documento e extensão da espécie [16] p.
Outras indicações físicas il. color
200 1# - Titulo e menção de responsabilidade
Título próprio O patinho feio
Primeira menção de responsabilidade [Hans Christian Andersen]
Outras menções de responsabilidade [il. Carlos Busquets]
210 ## - Publicação, Distribuição, etc. 
Lugar da edição, distribuição, etc. Linda-A-Velha
Nome do editor, distribuidor, etc. Girassol
Data da publicação, distribuição, etc. [200-?]
606 ## - Nome comum usado como assunto
Número de registo de entrada de autoridade 0001334
Palavra de ordem Literatura dinamarquesa
Subdivisão de assunto Conto
Código do sistema CA
675 ## - Classificação Decimal Universal (CDU)
Notação 821.113.4-34
Edição 3ª ed.
Língua da edição por
702 #1 - Nome de autor-pessoa física (responsabilidade secundária)
Número de registo de entrada de autoridade 0000136
Palavra de ordem Busquets
Outra parte do nome não tomada para palavra de ordem Carlos
Código de função Ilustrador / Técnico de desenho computorizado
700 #1 - Nome de autor-pessoa física (responsabilidade principal)
Número de registo de entrada de autoridade 0000290
Palavra de ordem Andersen
Outra parte do nome não tomada para palavra de ordem Hans Christian
Datas 1805-1875
966 ## - Identificação da Biblioteca
Sigla EBVEN
942 ## - Elementos de entrada adicionados (Koha)
Tipo de item no Koha Livro
Exemplares
Situação do levantamento Origin of item (home branch) (coded) Biblioteca de empréstimo Código de barras Cota Circulation type (not for loan) Tipo de documento Nota do exemplar Damaged status
  Biblioteca Escolar das Vendas Biblioteca Escolar das Vendas BEV1463 8EST AND   Livro Sem mensagem